| 000 | 00440nam a22001697a 4500 | ||
|---|---|---|---|
| 003 | LK-CoDNM | ||
| 005 | 20240724123139.0 | ||
| 008 | 240724b |||||||| |||| 00| 0 eng d | ||
| 040 |
_aLK-CoDNM _dLK-CoDNM _eLK-CoDNM |
||
| 041 | _aeng | ||
| 080 |
_a8 _bY6 |
||
| 100 | _aBAINES ATHELSTANE | ||
| 245 | _aETHNOGRAPHY (CASTES AND TRIBES) | ||
| 260 |
_aStrassburg _bVerlag Von Karal J. Trubner _c1912 |
||
| 300 | _a211p. ; 25 cm | ||
| 942 | _cBK | ||
| 999 |
_c146061 _d146061 |
||